My thirteenth winter : (Record no. 49)

MARC details
000 -LEADER
fixed length control field 00877nam a22002777a 4500
001 - CONTROL NUMBER
control field 49
003 - CONTROL NUMBER IDENTIFIER
control field FISKH
005 - DATE AND TIME OF LATEST TRANSACTION
control field 20230217135158.0
008 - FIXED-LENGTH DATA ELEMENTS--GENERAL INFORMATION
fixed length control field 230217b cb ||||| |||| 00| 0 eng d
020 ## - INTERNATIONAL STANDARD BOOK NUMBER
International Standard Book Number 0439339057
040 ## - CATALOGING SOURCE
Original cataloging agency DLC
Transcribing agency DLC
Modifying agency DLC
042 ## - AUTHENTICATION CODE
Authentication code pcc
050 00 - LIBRARY OF CONGRESS CALL NUMBER
Classification number RJ496.A25
Item number A244 2003
082 00 - DEWEY DECIMAL CLASSIFICATION NUMBER
Classification number 362.1/9685889
Edition number 21
100 1# - MAIN ENTRY--PERSONAL NAME
Personal name Abeel, Samantha,
Dates associated with a name 1977-
245 10 - TITLE STATEMENT
Title My thirteenth winter :
Remainder of title a memoir /
Statement of responsibility, etc. by Samantha Abeel.
260 ## - PUBLICATION, DISTRIBUTION, ETC.
Place of publication, distribution, etc. New York :
Name of publisher, distributor, etc. Orchard Books
Date of publication, distribution, etc. c2003.
300 ## - PHYSICAL DESCRIPTION
Extent 203 p. ;
Dimensions 22 cm.
521 8# - TARGET AUDIENCE NOTE
Target audience note 1050
Source Lexile
600 10 - SUBJECT ADDED ENTRY--PERSONAL NAME
Personal name Abeel, Samantha,
Dates associated with a name 1977-
650 #0 - SUBJECT ADDED ENTRY--TOPICAL TERM
Topical term or geographic name entry element Acalculia in children
General subdivision Patients
Form subdivision Biography.
650 #0 - SUBJECT ADDED ENTRY--TOPICAL TERM
Topical term or geographic name entry element Learning disabled children
Form subdivision Biography.
856 42 - ELECTRONIC LOCATION AND ACCESS
Materials specified Publisher description
Uniform Resource Identifier <a href="http://www.loc.gov/catdir/description/schol051/2003040465.html">http://www.loc.gov/catdir/description/schol051/2003040465.html</a>
906 ## - LOCAL DATA ELEMENT F, LDF (RLIN)
a 7
b cbc
c orignew
d 1
e ocip
f 20
g y-gencatlg
942 ## - ADDED ENTRY ELEMENTS (KOHA)
Source of classification or shelving scheme Library of Congress Classification
Koha item type Books
Suppress in OPAC No
Holdings
Withdrawn status Lost status Source of classification or shelving scheme Damaged status Not for loan Collection Home library Current library Shelving location Date acquired Total Checkouts Full call number Barcode Date last seen Price effective from Koha item type
    Library of Congress Classification     Non-Fiction Footprints International School Library Network Toul Kork Campus Footprints International School Library Network Toul Kork Campus   02/17/2023   ABE 362.19685889 RJ496.A25 FISSE01371 02/17/2023 02/17/2023 Books